[Event "Kharkov Femida (Women)"]
[Site "Kharkov"]
[Date "2011.11.25"]
[Round "6"]
[White "Kalinina, Marianna"]
[Black "Tarleva, Vira"]
[Result "0-1"]
[WhiteElo "2072"]
[BlackElo "2153"]
[PlyCount "92"]
[EventDate "2011.11.20"]
[EventType "tourn"]
[EventRounds "9"]
[EventCountry "UKR"]
[SourceTitle "OM OTB B 201907"]
[Source "Opening Master"]
[SourceDate "2019.07.06"]
[SourceVersion "2"]
[SourceVersionDate "2019.07.06"]
[SourceQuality "1"]

1. e4 c5 2. Nf3 d6 3. d4 cxd4 4. Nxd4 Nf6 5. Nc3 Nc6 6. Be2 e5 7. Nb3 Be7 8.
Be3 O-O 9. g4 Be6 10. g5 Nd7 11. Qd2 a5 12. Nd5 a4 13. Nc1 Nd4 14. Nxe7+ Qxe7
15. c3 Nxe2 16. Nxe2 Nc5 17. Ng3 Rfd8 18. Nf5 Qc7 19. Bxc5 dxc5 20. Qe2 b5 21.
Ne3 Qc6 22. f3 Rd7 23. Kf2 a3 24. b3 c4 25. b4 Rd3 26. Rac1 Qb6 27. Rhd1 Rad8
28. Kg3 h6 29. Nd5 Bxd5 30. exd5 Qd6 31. Qe4 hxg5 32. Rxd3 cxd3 33. Kf2 g4 34.
fxg4 Qh6 35. Rd1 Qxh2+ 36. Qg2 Qf4+ 37. Qf3 Qc4 38. Qxd3 Qxg4 39. Rd2 Rd6 40.
Ke1 Qg1+ 41. Qf1 Qe3+ 42. Kd1 Qxc3 43. Qxb5 Rh6 44. Qd3 Qxb4 45. Qg3 Rh1+ 46.
Ke2 Qe4+ 0-1

[Event "Oberliga Ost-B 1112"]
[Site "Germany"]
[Date "2011.11.20"]
[Round "4.1"]
[White "Luther, Thomas"]
[Black "Ohme, Melanie"]
[Result "1-0"]
[WhiteElo "2515"]
[BlackElo "2344"]
[PlyCount "65"]
[EventDate "2011.10.02"]
[EventType "team-tourn"]
[EventRounds "11"]
[EventCountry "GER"]
[SourceTitle "OM OTB B 201907"]
[Source "Opening Master"]
[SourceDate "2019.07.06"]
[SourceVersion "2"]
[SourceVersionDate "2019.07.06"]
[SourceQuality "1"]

1. e4 c5 2. Nf3 d6 3. d4 cxd4 4. Nxd4 Nf6 5. Nc3 Nc6 6. Be2 e5 7. Nf3 h6 8. O-O
Be7 9. h3 Be6 10. Re1 O-O 11. Bf1 Nb8 12. a4 Nbd7 13. a5 a6 14. Nd5 Nxd5 15.
exd5 Bf5 16. c4 Bh7 17. b4 f5 18. Bb2 Rc8 19. c5 dxc5 20. d6 Bf6 21. Nxe5 Nxe5
22. Bxe5 cxb4 23. d7 Ra8 24. Bxf6 Qxf6 25. Qb3+ Kh8 26. Qxb4 Rab8 27. Rad1 f4
28. Rd6 Qg5 29. Rde6 Rg8 30. Qd6 Rbd8 31. R1e5 Qh4 32. Re8 Qf6 33. Qxf6 1-0

[Event "Muensterland Verbandsliga 1112"]
[Site "Germany"]
[Date "2011.11.19"]
[Round "3.1"]
[White "Werner, Daniel"]
[Black "Funke, Reinhard"]
[Result "1/2-1/2"]
[WhiteElo "2121"]
[BlackElo "2054"]
[PlyCount "80"]
[EventDate "2011.09.24"]
[EventType "team-tourn"]
[EventRounds "9"]
[EventCountry "GER"]
[SourceTitle "OM OTB B 201907"]
[Source "Opening Master"]
[SourceDate "2019.07.06"]
[SourceVersion "2"]
[SourceVersionDate "2019.07.06"]
[SourceQuality "1"]

1. e4 c5 2. Nf3 Nc6 3. d4 cxd4 4. Nxd4 Nf6 5. Nc3 d6 6. Be2 e5 7. Nb3 Be7 8.
Be3 O-O 9. Qd2 a5 10. f3 a4 11. Nc1 a3 12. b3 Be6 13. Nd5 Bxd5 14. exd5 Nb8 15.
O-O Nbd7 16. c4 Ne8 17. Nd3 f5 18. f4 e4 19. Ne1 Bf6 20. Rd1 Bb2 21. Nc2 Nef6
22. Qb4 Qc7 23. Nd4 Bxd4 24. Bxd4 b6 25. Rc1 Rf7 26. Rc3 Qb8 27. Rd1 Nc5 28.
Rg3 Kf8 29. Rg5 g6 30. Qc3 Ng8 31. Rg3 Qd8 32. Qc1 Rfa7 33. Ba1 Nd7 34. Qc3
Ngf6 35. Qd4 Kf7 36. Rh3 h5 37. Rg3 Qc7 38. Qd2 Qd8 39. Rc1 Qc7 40. Bd4 Rc8
1/2-1/2

[Event "Wch U18"]
[Site "Caldas Novas"]
[Date "2011.11.19"]
[Round "2"]
[White "Sztokbant, Bernardo Vainzoff"]
[Black "Caprio, Guido"]
[Result "1-0"]
[WhiteElo "1969"]
[BlackElo "2354"]
[PlyCount "44"]
[EventDate "2011.11.18"]
[EventType "swiss"]
[EventRounds "9"]
[EventCountry "BRA"]
[SourceTitle "OM OTB B 201907"]
[Source "Opening Master"]
[SourceDate "2019.07.06"]
[SourceVersion "2"]
[SourceVersionDate "2019.07.06"]
[SourceQuality "1"]

1. e4 c5 2. Nf3 d6 3. d4 cxd4 4. Nxd4 Nf6 5. Nc3 Nc6 6. Be2 e5 7. Nb3 Be7 8.
O-O O-O 9. Be3 Be6 10. Bf3 a5 11. Qd2 a4 12. Nc1 a3 13. b3 Qa5 14. N1e2 Nb4 15.
Na4 Ra6 16. Rfc1 Nxa2 17. Qxa5 Rxa5 18. Rxa2 Rxa4 19. Rca1 Ra6 20. c4 b5 21.
cxb5 Ra5 22. Nc3 Rc8 1-0

[Event "Wch U18"]
[Site "Caldas Novas"]
[Date "2011.11.18"]
[Round "1"]
[White "Li, Hui"]
[Black "Vlasak, Lukas"]
[Result "0-1"]
[WhiteElo "1947"]
[BlackElo "2319"]
[PlyCount "72"]
[EventDate "2011.11.18"]
[EventType "swiss"]
[EventRounds "9"]
[EventCountry "BRA"]
[SourceTitle "OM OTB B 201907"]
[Source "Opening Master"]
[SourceDate "2019.07.06"]
[SourceVersion "2"]
[SourceVersionDate "2019.07.06"]
[SourceQuality "1"]

1. e4 c5 2. Nf3 d6 3. d4 cxd4 4. Nxd4 Nf6 5. Nc3 Nc6 6. Be2 e5 7. Nb3 Be7 8.
O-O O-O 9. Be3 Be6 10. Qd2 a5 11. a4 Nb4 12. f4 exf4 13. Bxf4 Nxc2 14. Qxc2
Qb6+ 15. Kh1 Bxb3 16. Qd2 Rac8 17. Be3 Qb4 18. Bd4 Nd7 19. Qe3 Ne5 20. Nd5 Bxd5
21. exd5 Bg5 22. Qxg5 Qxd4 23. b3 Rc2 24. Bc4 Ng4 25. Qf4 Nf2+ 26. Rxf2 Qxf2
27. Qxf2 Rxf2 28. Re1 Rc8 29. Kg1 Rb2 30. Re7 Kf8 31. Rd7 Ke8 32. Rxd6 Ke7 33.
Rb6 Rxc4 34. Rxb7+ Kf6 35. Rb6+ Ke5 36. bxc4 Rxb6 0-1

[Event "HUN-chT2 Szechenyi 1112"]
[Site "Hungary"]
[Date "2011.11.13"]
[Round "3.3"]
[White "Kovacs, Borisz"]
[Black "Csaba, Arpad"]
[Result "1-0"]
[WhiteElo "2320"]
[BlackElo "2043"]
[PlyCount "57"]
[EventDate "2011.09.25"]
[EventType "team-tourn"]
[EventRounds "11"]
[EventCountry "HUN"]
[SourceTitle "OM OTB B 201907"]
[Source "Opening Master"]
[SourceDate "2019.07.06"]
[SourceVersion "2"]
[SourceVersionDate "2019.07.06"]
[SourceQuality "1"]

1. e4 c5 2. Nf3 Nc6 3. d4 cxd4 4. Nxd4 Nf6 5. Nc3 d6 6. Be2 e5 7. Nb3 a5 8. Bg5
Be7 9. Bxf6 gxf6 10. Nd5 f5 11. Bd3 Be6 12. Qh5 f4 13. c3 h6 14. a4 Bf6 15. Bc4
Rc8 16. Nd2 Bg7 17. Nc7+ Rxc7 18. Bxe6 Qg5 19. Qxg5 hxg5 20. Ba2 Rh6 21. Rd1
Bf8 22. Nc4 Rc8 23. Rd5 Ra8 24. O-O Ra6 25. Rb5 Ra7 26. Rd1 Nd8 27. Rxa5 Rxa5
28. Nxa5 Kd7 29. Rd5 1-0

[Event "Mediterranean op 5th"]
[Site "Rijeka"]
[Date "2011.11.13"]
[Round "2"]
[White "Muskardin, Mario"]
[Black "Saric, Ante"]
[Result "0-1"]
[WhiteElo "2186"]
[BlackElo "2497"]
[PlyCount "70"]
[EventDate "2011.11.11"]
[EventType "swiss"]
[EventRounds "9"]
[EventCountry "CRO"]
[SourceTitle "OM OTB B 201907"]
[Source "Opening Master"]
[SourceDate "2019.07.06"]
[SourceVersion "2"]
[SourceVersionDate "2019.07.06"]
[SourceQuality "1"]

1. e4 c5 2. Nf3 d6 3. d4 cxd4 4. Nxd4 Nf6 5. Nc3 Nc6 6. Be2 e5 7. Nb3 Be7 8.
O-O O-O 9. Be3 Be6 10. f4 exf4 11. Bxf4 d5 12. e5 Nd7 13. Nxd5 Ndxe5 14. c4 Bg5
15. Qd2 Bxf4 16. Rxf4 b5 17. cxb5 Bxd5 18. bxc6 Nxc6 19. Bc4 Qb6+ 20. Qf2 Qxf2+
21. Kxf2 Bxc4 22. Rxc4 Ne5 23. Rd4 Rfc8 24. Rc1 f6 25. Ke2 Rxc1 26. Nxc1 Rc8
27. Nb3 Nc4 28. Rd7 Nxb2 29. Nd4 a5 30. Nf5 Rc2+ 31. Kf3 g6 32. Nh6+ Kf8 33.
Rxh7 Nd3 34. Rf7+ Ke8 35. Rxf6 Rf2+ 0-1

[Event "FICS rated standard game"]
[Site "FICS freechess.org"]
[Date "2011.11.09"]
[Round "?"]
[White "Capibarus"]
[Black "parrot"]
[Result "1-0"]
[WhiteElo "2224"]
[BlackElo "2248"]
[PlyCount "81"]
[EventDate "2011.??.??"]

1. e4 c5 2. Nf3 Nc6 3. d4 cxd4 4. Nxd4 Nf6 5. Nc3 d6 6. Be2 e5 7. Nb3 Be7 8.
O-O O-O 9. Be3 Be6 10. f4 Bd7 11. f5 a5 12. a3 a4 13. Nc1 Rc8 14. Nxa4 Nd4 15.
Nc3 Rxc3 16. bxc3 Nxe2+ 17. Nxe2 Nxe4 18. Qd3 Bc6 19. c4 Qa5 20. Rfb1 Rc8 21.
Bb6 Qa4 22. Rb2 Qa6 23. a4 Bg5 24. a5 Nd2 25. Rb4 Ne4 26. Rd1 Be7 27. Rb3 Qa8
28. Nc3 Nxc3 29. Rxc3 Qb8 30. Qg3 Ba4 31. Qg4 Bc6 32. Rg3 g6 33. fxg6 hxg6 34.
Rf1 Be8 35. Qh3 Ba4 36. Rxg6+ fxg6 37. Qe6+ Kh8 38. Rf7 Bh4 39. Qxg6 Bf2+ 40.
Kh1 Rg8 41. Qh5# 1-0

[Event "Hamburg-ch Seniors 18th"]
[Site "Hamburg"]
[Date "2011.11.06"]
[Round "9"]
[White "Schirmer, Werner"]
[Black "Neumann, Joachim"]
[Result "1/2-1/2"]
[WhiteElo "2030"]
[BlackElo "2134"]
[PlyCount "39"]
[EventDate "2011.10.29"]
[EventType "swiss"]
[EventRounds "9"]
[EventCountry "GER"]
[SourceTitle "OM OTB B 201907"]
[Source "Opening Master"]
[SourceDate "2019.07.06"]
[SourceVersion "2"]
[SourceVersionDate "2019.07.06"]
[SourceQuality "1"]

1. e4 c5 2. Nf3 Nc6 3. d4 cxd4 4. Nxd4 Nf6 5. Nc3 d6 6. Be2 e5 7. Nf3 Be7 8.
Bg5 Be6 9. O-O O-O 10. Bxf6 Bxf6 11. Nd5 Bxd5 12. Qxd5 Qc7 13. c3 Ne7 14. Qb3
Qc6 15. Rad1 Rad8 16. Nd2 d5 17. exd5 Qxd5 18. Bc4 Qc6 19. Bb5 Qd5 20. Bc4
1/2-1/2

[Event "Panama op 1st"]
[Site "Panama City"]
[Date "2011.11.06"]
[Round "7"]
[White "Corrales Jimenez, Fidel"]
[Black "Sanchez Alvarez, Roberto Carlos"]
[Result "1/2-1/2"]
[WhiteElo "2578"]
[BlackElo "2394"]
[PlyCount "22"]
[EventDate "2011.11.03"]
[EventType "swiss"]
[EventRounds "9"]
[EventCountry "PAN"]
[SourceTitle "OM OTB B 201907"]
[Source "Opening Master"]
[SourceDate "2019.07.06"]
[SourceVersion "2"]
[SourceVersionDate "2019.07.06"]
[SourceQuality "1"]

1. e4 c5 2. Nf3 d6 3. d4 cxd4 4. Nxd4 Nf6 5. Nc3 Nc6 6. Be2 e5 7. Nb3 Be7 8. g4
h6 9. h4 Be6 10. Rg1 d5 11. Nxd5 Nxd5 1/2-1/2

[Event "HUN-chT U18"]
[Site "Miskolc"]
[Date "2011.11.05"]
[Round "6.1"]
[White "Markos, Adam"]
[Black "Ugroczky, Peter"]
[Result "1-0"]
[WhiteElo "1923"]
[BlackElo "1688"]
[PlyCount "49"]
[EventDate "2011.11.02"]
[EventType "team-swiss"]
[EventRounds "8"]
[EventCountry "HUN"]
[SourceTitle "OM OTB B 201907"]
[Source "Opening Master"]
[SourceDate "2019.07.06"]
[SourceVersion "2"]
[SourceVersionDate "2019.07.06"]
[SourceQuality "1"]

1. e4 c5 2. Nf3 d6 3. d4 cxd4 4. Nxd4 Nf6 5. Nc3 Nc6 6. Be2 e5 7. Nb3 Be7 8.
O-O O-O 9. Be3 Be6 10. f3 Rc8 11. Nd5 b6 12. c4 Bxd5 13. cxd5 Nb8 14. Qd2 Nbd7
15. Nc1 Qc7 16. Nd3 Qb8 17. Nb4 Nc5 18. Nc6 Qc7 19. b4 Nb7 20. Nxa7 Ra8 21. Nc6
Nd8 22. Rfc1 Qb7 23. Bb5 Ne8 24. a4 Bf6 25. Qf2 1-0

[Event "FICS rated standard game"]
[Site "FICS freechess.org"]
[Date "2011.11.02"]
[Round "?"]
[White "kasperyan"]
[Black "cstarx"]
[Result "1/2-1/2"]
[WhiteElo "2001"]
[BlackElo "2041"]
[PlyCount "69"]
[EventDate "2011.??.??"]

1. e4 c5 2. Nf3 d6 3. d4 cxd4 4. Nxd4 Nf6 5. Nc3 Nc6 6. Be2 e5 7. Nb3 Be6 8.
Be3 d5 9. exd5 Nxd5 10. Nxd5 Bxd5 11. O-O Be7 12. Nc5 b6 13. Nd3 O-O 14. c3 f5
15. f4 e4 16. Ne1 Be6 17. Qa4 Qc7 18. Nc2 Rad8 19. Bb5 Na5 20. Nd4 Bc4 21. Rfd1
Bxb5 22. Qxb5 Qc4 23. Qe5 Bd6 24. Qe6+ Kh8 25. Rac1 Rde8 26. Qxd6 Qxa2 27. Ne6
Qxe6 28. Qxe6 Rxe6 29. Rd7 Nc6 30. Rcd1 Kg8 31. Rc7 Rf7 32. Rc8+ Rf8 33. Rc7
Rf7 34. Rc8+ Rf8 35. Rc7 1/2-1/2

[Event "BL2 West 1112 (Women)"]
[Site "Germany"]
[Date "2011.10.29"]
[Round "1.1"]
[White "Alkhazashvili, Ololi"]
[Black "Rath, Alina"]
[Result "1-0"]
[WhiteElo "2184"]
[BlackElo "1973"]
[PlyCount "63"]
[EventDate "2011.10.29"]
[EventType "team-tourn"]
[EventRounds "7"]
[EventCountry "GER"]
[SourceTitle "OM OTB B 201907"]
[Source "Opening Master"]
[SourceDate "2019.07.06"]
[SourceVersion "2"]
[SourceVersionDate "2019.07.06"]
[SourceQuality "1"]

1. e4 c5 2. Nf3 Nc6 3. d4 cxd4 4. Nxd4 Nf6 5. Nc3 d6 6. Be2 e5 7. Nf3 h6 8. O-O
Be7 9. Re1 Be6 10. Bf1 O-O 11. h3 Rc8 12. b3 a6 13. Bb2 b5 14. Qd2 Qb6 15. Nd5
Bxd5 16. exd5 Nb8 17. a4 b4 18. Bc4 Nbd7 19. Nh4 Nc5 20. Nf5 Rfe8 21. a5 Qb7
22. f4 Bf8 23. fxe5 dxe5 24. Rxe5 Nce4 25. Qf4 g5 26. Qf3 Qa7+ 27. Kh1 Nf2+ 28.
Kh2 N6e4 29. Re1 f6 30. Rxe8 Rxe8 31. Bd4 Bc5 32. Bxf2 1-0

[Event "Liberec op 12th"]
[Site "Liberec"]
[Date "2011.10.26"]
[Round "5"]
[White "Olsen, Karsten Kierkegaard"]
[Black "Piotrowski, Przemyslaw"]
[Result "0-1"]
[WhiteElo "1604"]
[BlackElo "1960"]
[PlyCount "44"]
[EventDate "2011.10.22"]
[EventType "swiss"]
[EventRounds "9"]
[EventCountry "CZE"]
[SourceTitle "OM OTB B 201907"]
[Source "Opening Master"]
[SourceDate "2019.07.06"]
[SourceVersion "2"]
[SourceVersionDate "2019.07.06"]
[SourceQuality "1"]

1. e4 c5 2. Nf3 d6 3. d4 cxd4 4. Nxd4 Nf6 5. Nc3 Nc6 6. Be2 e5 7. Nb3 Be6 8.
Be3 Be7 9. g4 O-O 10. g5 Ne8 11. Qd2 a5 12. Nd5 Bxd5 13. exd5 a4 14. dxc6 axb3
15. cxb7 Rxa2 16. Rxa2 bxa2 17. O-O Nc7 18. Ba7 Bxg5 19. Qa5 Bf4 20. Kh1 Qh4
21. Kg2 Qxh2+ 22. Kf3 Qh3+ 0-1

[Event "Balaton Sakkfesztivál open"]
[Site "Heviz"]
[Date "2011.10.24"]
[Round "7"]
[White "Genda, Karoly"]
[Black "Gyorkos, Lajos"]
[Result "0-1"]
[WhiteElo "2091"]
[BlackElo "2395"]
[PlyCount "62"]
[EventDate "2011.10.18"]
[EventRounds "9"]
[EventCountry "HUN"]
[SourceTitle "OM OTB B 201907"]
[Source "Opening Master"]
[SourceDate "2019.07.06"]
[SourceVersion "2"]
[SourceVersionDate "2019.07.06"]
[SourceQuality "1"]

1. e4 c5 2. Nf3 Nc6 3. d4 cxd4 4. Nxd4 Nf6 5. Nc3 d6 6. Be2 e5 7. Nb3 Be7 8.
Bg5 O-O 9. Qd3 a5 10. Bxf6 Bxf6 11. O-O-O a4 12. Nd2 Nd4 13. Nf3 Be6 14. Nxd4
exd4 15. Nd5 Bxd5 16. exd5 a3 17. b3 Rc8 18. Qh3 Qa5 19. Qf5 Be5 20. f4 g6 21.
Qe4 Bg7 22. Rd3 Rfe8 23. Qf3 Qc5 24. Bd1 Re3 25. Qf1 Qxd5 26. Bg4 Rc7 27. Bf3
Qf5 28. Be2 Qe4 29. Rd2 d3 30. Bxd3 Qd4 31. Rd1 Rce7 0-1

[Event "1st Clanska Liga-Zahod"]
[Site "?"]
[Date "2011.10.23"]
[Round "?"]
[White "Marinsek, Tomaz"]
[Black "Jokovic, Dusan"]
[Result "1-0"]
[WhiteElo "2148"]
[BlackElo "2082"]
[PlyCount "81"]
[EventDate "2011.??.??"]
[SourceTitle "OM OTB B 201907"]
[Source "Opening Master"]
[SourceDate "2019.07.06"]
[SourceVersion "2"]
[SourceVersionDate "2019.07.06"]
[SourceQuality "1"]

1. e4 c5 2. Nf3 d6 3. d4 cxd4 4. Nxd4 Nf6 5. Nc3 Nc6 6. Be2 e5 7. Nb3 Be7 8.
O-O O-O 9. Be3 a5 10. a4 Nb4 11. f4 exf4 12. Bxf4 d5 13. e5 Ne4 14. Kh1 Nxc3
15. bxc3 Nc6 16. Bd3 Be6 17. Qf3 Qd7 18. Qg3 Kh8 19. Rad1 Qc8 20. Bg5 Bxg5 21.
Qxg5 Qd8 22. Qg3 Qe7 23. Nd4 g6 24. Rf6 Kg7 25. Rdf1 Nxd4 26. cxd4 Qb4 27. Qh4
Qxa4 28. R6f4 Qd7 29. Qf6+ Kg8 30. Rh4 Qd8 31. Qf4 h5 32. Rxh5 gxh5 33. Qh6 f5
34. Qg6+ Kh8 35. Qh6+ Kg8 36. Qxe6+ Kg7 37. Rxf5 Rxf5 38. Qxf5 Qe8 39. Qh7+ Kf8
40. Qh8+ Ke7 41. Qf6+ 1-0

[Event "FICS rated standard game"]
[Site "FICS freechess.org"]
[Date "2011.10.22"]
[Round "?"]
[White "zerowin"]
[Black "Kromer"]
[Result "0-1"]
[WhiteElo "2387"]
[BlackElo "2876"]
[PlyCount "188"]
[EventDate "2011.??.??"]

1. e4 c5 2. Nf3 d6 3. d4 Nf6 4. Nc3 cxd4 5. Nxd4 Nc6 6. Be2 e5 7. Nf3 h6 8. O-O
Be6 9. Re1 Be7 10. Bf1 O-O 11. Nd5 Rc8 12. b3 Bg4 13. Nxf6+ Bxf6 14. c3 Be6 15.
Bd3 Nb8 16. Bb2 Nd7 17. Bc2 Qb6 18. Re3 a5 19. Ba3 Be7 20. c4 a4 21. Bd3 axb3
22. axb3 Ra8 23. Be2 Ra7 24. Bb2 Rfa8 25. Rxa7 Rxa7 26. Qe1 Nc5 27. b4 Ra4 28.
Bc3 Nd7 29. Qd2 Qa7 30. Qd1 Nb6 31. Qf1 Ra2 32. h3 Qa8 33. Bd3 Qc8 34. Re2 Rxe2
35. Bxe2 Nxc4 36. b5 Nb6 37. Bb4 Qc2 38. Nd2 g6 39. Bd3 Qb2 40. Qb1 Qxb1+ 41.
Nxb1 f5 42. Nc3 Kf7 43. Bc2 d5 44. Ba5 Nc4 45. exd5 Nxa5 46. dxe6+ Kxe6 47. Bb1
e4 48. Ba2+ Ke5 49. Kf1 b6 50. g4 Nb7 51. Bf7 g5 52. Bd5 Nd6 53. Bc6 f4 54. Ke2
Kd4 55. Nd5 Bd8 56. Kd2 Nc4+ 57. Ke2 Na5 58. Nb4 Bc7 59. Be8 Nc4 60. Bc6 Bd6
61. Nd5 f3+ 62. Ke1 Bf4 63. Ne7 Nd2 64. h4 gxh4 65. Nf5+ Kd3 66. Nxh4 Nc4 67.
Nf5 Ne5 68. Bd5 Nxg4 69. Kf1 h5 70. Bf7 e3 71. Nxe3 Bxe3 72. Bxh5 Nxf2 73. Bxf3
Ne4 74. Bg2 Nc3 75. Bb7 Kc4 76. Ba6 Kb4 77. Bc8 Kxb5 78. Kg2 Ka4 79. Kf3 Bc5
80. Kf4 b5 81. Bd7 Ka3 82. Bf5 b4 83. Bc8 b3 84. Bf5 b2 85. Kg4 Nb5 86. Be4 Kb3
87. Bd5+ Kc3 88. Kg5 b1=Q 89. Be6 Nd4 90. Bg4 Qh7 91. Kf6 Be7+ 92. Ke5 Qh2+ 93.
Ke4 Bd6 94. Kd5 Qe5# 0-1

[Event "IND-chA 49th"]
[Site "Aurangabad"]
[Date "2011.10.20"]
[Round "12"]
[White "Thipsay, Praveen Mahadeo"]
[Black "Ashwin, Jayaram"]
[Result "1-0"]
[WhiteElo "2433"]
[BlackElo "2473"]
[PlyCount "127"]
[EventDate "2011.10.09"]
[EventType "swiss"]
[EventRounds "13"]
[EventCountry "IND"]
[SourceTitle "OM OTB B 201907"]
[Source "Opening Master"]
[SourceDate "2019.07.06"]
[SourceVersion "2"]
[SourceVersionDate "2019.07.06"]
[SourceQuality "1"]

1. e4 c5 2. Nf3 d6 3. d4 cxd4 4. Nxd4 Nf6 5. Nc3 Nc6 6. Be2 e5 7. Nf3 h6 8. O-O
Be7 9. h3 O-O 10. Nh2 Nd4 11. Ng4 Nxg4 12. Bxg4 Be6 13. Be3 Qb6 14. Rb1 Bf6 15.
Nd5 Bxd5 16. exd5 Qa5 17. c3 Nb5 18. a4 Nc7 19. c4 b6 20. Be2 Bg5 21. b4 Qa6
22. c5 Qb7 23. cxd6 Ne8 24. Bxg5 hxg5 25. Bb5 Rd8 26. Bc6 Qb8 27. d7 Nf6 28.
Qd2 Nxd7 29. Qxg5 Nf6 30. Rfe1 e4 31. Re3 Qd6 32. Rg3 g6 33. Rd1 Kg7 34. Qd2
Rh8 35. Rg5 Kg8 36. Qc3 Rh4 37. Re1 e3 38. Rxe3 Ne4 39. Qc4 Qf6 40. Rxe4 Rxe4
41. Qxe4 Qxg5 42. h4 Qf6 43. g3 Rd6 44. Kg2 Qb2 45. b5 Rf6 46. Qe3 Kg7 47. g4
Qb4 48. Kg3 Qc5 49. Qxc5 bxc5 50. g5 Rf5 51. d6 Kf8 52. a5 c4 53. b6 Rxa5 54.
b7 Ra3+ 55. Kf4 Rb3 56. Ke5 Rb2 57. f3 Re2+ 58. Kd4 Rb2 59. Kxc4 a6 60. Kc5 Rb1
61. Be4 Rb3 62. Kc6 Ke8 63. Kc7 Rc3+ 64. Bc6+ 1-0

[Event "COL- V Festival Internacional"]
[Site "Universidad Central"]
[Date "2011.10.17"]
[Round "8.1"]
[White "Avila, Pedro Andres"]
[Black "Vargas, Eduar Misael"]
[Result "1-0"]
[WhiteElo "2102"]
[BlackElo "1907"]
[PlyCount "63"]
[EventDate "2011.10.13"]
[EventRounds "9"]
[EventCountry "COL"]
[SourceTitle "OM OTB B 201907"]
[Source "Opening Master"]
[SourceDate "2019.07.06"]
[SourceVersion "2"]
[SourceVersionDate "2019.07.06"]
[SourceQuality "1"]

1. e4 c5 2. Nf3 d6 3. d4 cxd4 4. Nxd4 Nf6 5. Nc3 Nc6 6. Be2 e5 7. Nb3 Be6 8.
Bg5 Be7 9. O-O O-O 10. Bxf6 Bxf6 11. Nd5 Bg5 12. c3 a6 13. Qd3 f5 14. Bf3 Na5
15. Rad1 g6 16. Nxa5 Qxa5 17. Nb4 Rad8 18. exf5 Bxf5 19. Qc4+ Kg7 20. Bxb7 Bc8
21. Bxc8 Rxc8 22. Qxa6 Qxa6 23. Nxa6 Rfd8 24. Rd5 Kf6 25. Nb4 Ke6 26. Rfd1 h5
27. Kf1 Be7 28. a4 g5 29. a5 Rc5 30. Rxc5 dxc5 31. Rxd8 Bxd8 32. Nc6 1-0

[Event "SVK-chT1W 1112"]
[Site "Slovakia"]
[Date "2011.10.16"]
[Round "2.5"]
[White "Nicolini, Alexander"]
[Black "Skreno, Vladimir"]
[Result "1/2-1/2"]
[WhiteElo "2154"]
[BlackElo "2178"]
[PlyCount "32"]
[EventDate "2011.10.15"]
[EventType "team-tourn"]
[EventRounds "11"]
[EventCountry "SVK"]
[SourceTitle "OM OTB B 201907"]
[Source "Opening Master"]
[SourceDate "2019.07.06"]
[SourceVersion "2"]
[SourceVersionDate "2019.07.06"]
[SourceQuality "1"]

1. e4 c5 2. Nf3 Nc6 3. d4 cxd4 4. Nxd4 Nf6 5. Nc3 d6 6. Be2 e5 7. Nb3 Be7 8.
O-O O-O 9. Bf3 Be6 10. Nd5 Bxd5 11. exd5 Na5 12. Nxa5 Qxa5 13. Re1 Rac8 14. c3
Nd7 15. a4 Qd8 16. Be3 a6 1/2-1/2

[Event "FICS unrated standard game"]
[Site "FICS freechess.org"]
[Date "2011.10.16"]
[Round "?"]
[White "WFMBea"]
[Black "WFMOsmanodja"]
[Result "1/2-1/2"]
[WhiteElo "2113"]
[BlackElo "2039"]
[PlyCount "66"]
[EventDate "2011.??.??"]

1. e4 c5 2. Nf3 d6 3. d4 cxd4 4. Nxd4 Nf6 5. Nc3 Nc6 6. Be2 e5 7. Nf3 h6 8. O-O
Be7 9. h3 O-O 10. Re1 a6 11. a4 Be6 12. Bf1 Qa5 13. Bd2 Qc7 14. Be3 Na5 15. Qd2
Rac8 16. Nh2 Nc4 17. Qc1 d5 18. exd5 Nxd5 19. Nxd5 Bxd5 20. Bxc4 Qxc4 21. c3 f5
22. Qd1 f4 23. Bb6 e4 24. a5 Qc6 25. Qd2 Bg5 26. Ng4 Rce8 27. Qd4 Rf5 28. Qa4
Qe6 29. Qd1 h5 30. Nh2 Qg6 31. Qe2 Bf7 32. Qc2 Rfe5 33. Ra4 Bh4 1/2-1/2

[Event "Liscate op"]
[Site "Liscate"]
[Date "2011.10.15"]
[Round "2"]
[White "Guzzetti, Luigi Enrico"]
[Black "Quaranta, Cristiano"]
[Result "0-1"]
[WhiteElo "1955"]
[BlackElo "2128"]
[PlyCount "106"]
[EventDate "2011.10.14"]
[EventType "swiss"]
[EventRounds "5"]
[EventCountry "ITA"]
[SourceTitle "OM OTB B 201907"]
[Source "Opening Master"]
[SourceDate "2019.07.06"]
[SourceVersion "2"]
[SourceVersionDate "2019.07.06"]
[SourceQuality "1"]

1. e4 c5 2. Nf3 d6 3. d4 cxd4 4. Nxd4 Nf6 5. Nc3 Nc6 6. Be2 e5 7. Nb3 Be7 8.
O-O O-O 9. Be3 Be6 10. Qd2 a5 11. Rad1 a4 12. Nc1 Na5 13. f3 Nc4 14. Bxc4 Bxc4
15. Rfe1 Qa5 16. b3 axb3 17. axb3 Be6 18. Nd5 Nxd5 19. exd5 Qxd2 20. Rxd2 Bf5
21. c4 Rfc8 22. Ne2 Ra3 23. Rb2 Bf6 24. Kf2 Bd7 25. Rc1 e4 26. Bd4 Bxd4+ 27.
Nxd4 exf3 28. Nxf3 b5 29. Re1 Re8 30. Rxe8+ Bxe8 31. cxb5 Bxb5 32. Nd4 Bd7 33.
b4 Rd3 34. Nc6 Kf8 35. Ra2 Rxd5 36. Ra8+ Be8 37. Ke3 Rb5 38. Kd4 f6 39. Kc4 Rb7
40. b5 Kf7 41. Rb8 d5+ 42. Kc5 Rxb8 43. Nxb8 d4 44. Kxd4 Bxb5 45. Kc5 Bf1 46.
g3 Ke6 47. Kd4 Kd6 48. Ke4 Kc7 49. Kf5 Kxb8 50. Ke6 Bh3+ 51. Kf7 g5 52. Kxf6 g4
53. Kg5 Kc7 0-1

[Event "n9228"]
[Site "www.echecsemail.com"]
[Date "2011.10.14"]
[Round "1"]
[White "Bird"]
[Black "Breitenbach"]
[Result "0-1"]
[WhiteElo "2060"]
[BlackElo "2230"]
[PlyCount "92"]
[EventDate "2011.??.??"]
[EventType "tourn"]
[EventRounds "4"]
[EventCountry "BEL"]

1. e4 c5 2. Nf3 Nc6 3. d4 cxd4 4. Nxd4 Nf6 5. Nc3 d6 6. Be2 e5 7. Nb3 Be7 8.
Be3 O-O 9. O-O Be6 10. f3 d5 11. exd5 Nxd5 12. Nxd5 Bxd5 13. c3 Rc8 14. Rc1 b6
15. Ba6 Rc7 16. Qe2 Bxb3 17. axb3 Bf6 18. b4 Ne7 19. Bb5 Ng6 20. Rfd1 Qe7 21.
Rd5 Rd8 22. Rcd1 Rxd5 23. Rxd5 Nf8 24. Qd2 Rc8 25. c4 Rd8 26. Bc6 Rxd5 27. cxd5
Qd6 28. b5 Ng6 29. g3 Be7 30. Kf2 Qb4 31. Qc2 Bd6 32. Bd2 Bc5+ 33. Kg2 Qd4 34.
Bc3 Qg1+ 35. Kh3 h5 36. Qg2 Qb1 37. Qe2 h4 38. Kg2 Qf5 39. Qe4 Qg5 40. Qg4 Qc1
41. Qe4 hxg3 42. hxg3 Qg1+ 43. Kh3 Qh1+ 44. Kg4 Ne7 45. Qxe5 f5+ 46. Kf4 Qh6#
0-1